| 000 | 00420cam a2200181ua 4500 | ||
|---|---|---|---|
| 020 | _c1.50 | ||
| 041 |
_amal _h |
||
| 082 |
_a894.812 301 _bPAR/PR |
||
| 100 | _aParappurath, . | ||
| 245 |
_aPrakasadhara / _cParappurath. _hTextual Documents |
||
| 250 |
_a1 / _b. |
||
| 260 |
_aThrissur : _bCurrent Books , _c1958. |
||
| 300 | _a72 ; . | ||
| 365 | _a1.50 | ||
| 504 | _a | ||
| 942 | _cBK | ||
| 999 |
_c6589 _d6589 |
||